Loading...
Literature - European Literature | 1 | 2 | 0 | 1 | 35 | 46 | 101.00 | 1 | 3 |
Literature - American Literature | 0 | 3 | 1 | 0 | 25 | 88 | 100.33 | 0 | 1 |
Literature - British Literature | 0 | 2 | 0 | 1 | 20 | 96 | 108.00 | 0 | 0 |
Science - Other Science | 0 | 2 | 0 | 1 | 20 | 85 | 106.50 | 0 | 0 |
Philosophy | 0 | 2 | 0 | 1 | 20 | 116 | 119.00 | 0 | 1 |
Visual Arts | 0 | 1 | 0 | 0 | 10 | 129 | 129.00 | 0 | 0 |
Beliefs | 0 | 1 | 0 | 1 | 10 | 129 | 129.00 | 0 | 1 |
History - World History | 0 | 1 | 0 | 1 | 10 | 133 | 133.00 | 0 | 0 |
Science - Biology | 0 | 1 | 0 | 0 | 10 | 122 | 122.00 | 0 | 0 |
Science - Physics | 0 | 1 | 0 | 1 | 10 | 125 | 125.00 | 0 | 0 |
Auditory Arts | 0 | 1 | 0 | 0 | 10 | 100 | 100.00 | 0 | 1 |
History - American History | 0 | 1 | 1 | 1 | 5 | 128 | 128.00 | 0 | 0 |
Social Science | 0 | 2 | 3 | 1 | 5 | 82 | 84.00 | 0 | 2 |
Science - Chemistry | 0 | 1 | 1 | 0 | 5 | 89 | 89.00 | 0 | 1 |
Fine Arts - Other Arts | 0 | 0 | 1 | 0 | -5 | 0.00 | 0 | 0 | |
History - European History | 0 | 0 | 1 | 0 | -5 | 0.00 | 0 | 0 | |
History - Ancient History | 0 | 0 | 1 | 0 | -5 | 0.00 | 0 | 0 | |
Literature - World Literature | 0 | 0 | 2 | 0 | -10 | 0.00 | 0 | 0 |